| 000 | 01070nam a22003131ia4500 | ||
|---|---|---|---|
| 005 | 20210414111018.0 | ||
| 008 | 210330s2019 cc |||g ||| 000 1 chi d | ||
| 020 |
_a9787541154560 _cRM 46.20 _qpaperback |
||
| 040 |
_aPPAK _beng _cPPAK _erda |
||
| 082 | 0 | 4 |
_223 _a895.136 |
| 090 | 0 | 0 |
_a895.136 _bSHI _dG |
| 100 | 1 |
_6880-01 _aShi, Xue Wei, _eauthor. |
|
| 240 | 1 | 0 |
_aThe Detective Freud (Final Part). _lChinese |
| 245 | 1 | 0 |
_6880-02 _aSHEN TAN FU LUO YI DE : _bDA JIE JU / _cShi Xue Wei _n(III) |
| 250 | _aChinese Edition | ||
| 264 | 1 |
_aChengdu, China : _bSiChuan Art & Literature Press , _c2019 |
|
| 300 |
_a328 pages : _c24 cm |
||
| 336 |
_2rdacontent _atext |
||
| 337 |
_2rdamedia _aunmediated |
||
| 338 |
_2rdacarrier _avolume |
||
| 490 | 1 | _aThe Detective Freud | |
| 546 | _aText in simplified Chinese scripts. | ||
| 650 | 1 | 0 |
_aDetective Fiction _zChina |
| 650 | 2 | 0 | _aChinese fiction. |
| 830 | _aThe Detective Freud | ||
| 880 | 1 |
_6100-01 _a时雪唯 _e著 _n(III) |
|
| 880 | 1 | 0 |
_6245-02 _a神探弗洛伊德 : _b大结局 _c/ 时雪唯著 _n(III) |
| 942 |
_2ddc _cB |
||
| 999 |
_c183057 _d183057 |
||